Statystyki dla Transfery Pogoni Szczecin (Zima 2022, Lato 2023)

Kliknij tutaj aby rozwiązać quiz!

Ogólne statystyki

  • Ten quiz został rozwiązany 21 razy
  • Średni wynik to 4 z 13

Statystyki odpowiedzi

Klub oddający/pozyskującyImię i Nazwisko% Poprawnych
Zagłębie LubinDamian Dąbrowski
65%
Miedź LegnicaKamil Drygas
65%
Raków CzęstochowaJean Carlos Silva
53%
Olympiakos SFPLeonardo Koutris
47%
Bruk-Bet TermalicaMariusz Fornalczyk
47%
NK OsijekDanijel Loncar
29%
NorrkopingLinus Wahlqvist
29%
LeccePontus Almqvist
29%
Górnik ZabrzeKonstantinos Triantafyllopoulos
24%
Pogoń Szczecin IIWojciech Lisowski
24%
LASK WiedeńEfthymios Koulouris
18%
PakhtakorMichał Kucharczyk
12%
OH LeuvenJoao Gamoba
0%

Rozkład punktacji

Percentyl według liczby udzielonych odpowiedzi

Procent ludzi z każdym wynikiem

Twoja historia wyników

Nie rozwiązałeś tego quizu